| 000 | 01177nam a22002657a 4500 | ||
|---|---|---|---|
| 005 | 20080822142459.0 | ||
| 008 | 080822t xxu||||| |||| 00| 0 hin d | ||
| 010 | _aHIN-84026 | ||
| 020 |
_a8188494607 _c100.00 |
||
| 035 | _aHN-56372 | ||
| 037 | _aDBAD / PUB | ||
| 040 |
_aDPL _bHN |
||
| 082 | _a824 | ||
| 100 | _aउपाध्याय, रामनारायण | ||
| 245 |
_aआस्था की जमीन / _cरामनारायण उपाध्याय |
||
| 246 |
_aAasthaa kii Jamiin _bby Ram Kumar Upadhyay |
||
| 250 | _a2रा संस्क | ||
| 260 |
_aइलाहाबाद _bअर्चना पब्लिकेशन _c2006 |
||
| 270 |
_a9, महिलाग्राम कालोनी, सूबेदारगंज _bइलाहाबाद |
||
| 300 |
_a128पृ _c22सेमी (सजिल्द) |
||
| 650 | _aहिन्दी निबंध | ||
| 650 | _aHindi essays | ||
| 942 |
_2ddc _cHN _kउपाध्या _h824 |
||
| 999 |
_c14982 _d14982 |
||